000 00412nam a22001337a 4500
003 SGT
020 _a9789326252291
082 _a891.4309
_bV14S
100 _aसक्ससेना, राम प्रकाशन
245 _a वर्धा हिंदी शब्दकोष
260 _bभारतीय ज्ञानपीठ प्रकाशन
_c2014
300 _a1255
942 _2ddc
_cBK
999 _c31422
_d31422